| 000 | 00545nam a2200181Ia 4500 | ||
|---|---|---|---|
| 999 |
_c28861 _d28861 |
||
| 003 | OSt | ||
| 005 | 20210107101008.0 | ||
| 008 | 190216s9999||||xx |||||||||||||| ||und|| | ||
| 020 | _a9788188801886 | ||
| 040 | _coclc | ||
| 082 |
_a894.812301 _bRAT/S |
||
| 100 |
_aRathnakaran, Mangad _97118 |
||
| 245 | 0 |
_aSavithri Vismayangalude Oru Pusthakam / _cMangad Rathnakaran |
|
| 260 |
_bLipi Publications, _aKozhikode: _c2006. |
||
| 300 | _a47p | ||
| 650 | _aKathakal | ||
| 942 |
_cBK _2ddc _h894.812301 _iRAT/S _k894.812301 _mRAT/S |
||